000 02296nam a2200445 i 4500
001 ebr11008295
003 CaPaEBR
006 m o d
007 cr cn|||||||||
008 140924t20152015coua ob 001 0 eng|d
020 _z9781625760456 (alk. paper)
020 _a9781613003091 (e-book)
040 _aCaPaEBR
_beng
_erda
_epn
_cCaPaEBR
035 _a(OCoLC)903970932
050 1 4 _aTH6523
_b.A87 2015eb
082 0 4 _a696/.1
_223
100 1 _aAsay, Stuart F.,
_eauthor.
245 1 0 _aBackflow prevention and cross-connection control :
_brecommended practices /
_cStuart F. Asay.
246 3 _aRecommended practice for backflow prevention and cross-connection control
250 _aFourth edition.
264 1 _aDenver, Colorado :
_bAmerican Water Works Association,
_c[2015]
264 4 _c�2015
300 _a1 online resource (221 pages) :
_billustrations (some color).
336 _atext
_2rdacontent
337 _acomputer
_2rdamedia
338 _aonline resource
_2rdacarrier
490 1 _aManual of water supply practices ;
_vM14
500 _aRevision of: Recommended practice for backflow prevention and cross-connection control, 3rd edition, 2004.
504 _aIncludes bibliographical references and index.
505 0 _aBackflow prevention principles -- Program administration -- Backflow prevention assembly application, installation, and maintenance -- Conducting a cross-connection control survey -- Sample hazards and proper protection.
588 _aDescription based on print version record.
590 _aElectronic reproduction. Palo Alto, Calif. : ebrary, 2015. Available via World Wide Web. Access may be limited to ebrary affiliated libraries.
650 0 _aBacksiphonage (Plumbing)
_xPrevention.
650 0 _aCross-connections (Plumbing)
655 0 _aElectronic books.
776 0 8 _iPrint version:
_aAsay, Stuart F.
_tBackflow prevention and cross-connection control : recommended practices.
_dDenver, Colorado : American Water Works Association, [2015]
_kManual of water supply practices ; M14
_z9781625760456
_w(DNAL)1296716
_w(DLC)11008295
797 2 _aebrary.
830 0 _aAWWA manual ;
_vM14.
856 4 0 _uhttp://site.ebrary.com/lib/rucke/Doc?id=11008295
_zAn electronic book accessible through the World Wide Web; click to view
999 _c37476
_d37476